Online
Catalog

Henri Francois Pittier, / (Record no. 19449)

MARC details
000 -CABECERA
campo de control de longitud fija 00802cam a22002291 4500
001 - NÚMERO DE CONTROL
campo de control 000019936
005 - FECHA Y HORA DE LA ÚLTIMA TRANSACCIÓN
campo de control 20200929170210.0
008 - DATOS DE LONGITUD FIJA--INFORMACIÓN GENERAL
campo de control de longitud fija 750808s1968 xx 000 0 spa
010 ## - NÚMERO DE CONTROL DE LA BIBLIOTECA DEL CONGRESO
Número de control de LC 77231076
035 ## - NÚMERO DE CONTROL DEL SISTEMA
Número de control de sistema (OCoLC)1526657
040 ## - FUENTE DE LA CATALOGACIÓN
Centro catalogador/agencia de origen DO-SdBNP
Centro/agencia transcriptor NmLcU
Centro/agencia modificador DLC
042 ## - CÓDIGO DE AUTENTICACIÓN
Código de autenticación premarc
050 00 - SIGNATURA TOPOGRÁFICA DE LA BIBLIOTECA DEL CONGRESO
Número de clasificación QK31.P65
Número de documento/Ítem M3
100 2# - ENTRADA PRINCIPAL--NOMBRE DE PERSONA
Nombre de persona Marquez M., Orfila.
9 (RLIN) 42514
245 10 - MENCIÓN DE TÍTULO
Título Henri Francois Pittier, /
Mención de responsabilidad, etc. por Orfila Marquez M.
260 ## - PUBLICACIÓN, DISTRIBUCIÓN, ETC.
Lugar de publicación, distribución, etc. Caracas, :
Nombre del editor, distribuidor, etc. Escuela de Biblioteconomia y Archivos, Facultad de Humanidades y Educacion, Universidad Central de Venezuela,
Fecha de publicación, distribución, etc. 1968.
300 ## - DESCRIPCIÓN FÍSICA
Extensión 29 p. :
Otras características físicas port. ;
Dimensiones 16 cm.
490 0# - MENCIÓN DE SERIE
Mención de serie Serie bibliografica,
Designación de volumen o secuencia 8
600 10 - PUNTO DE ACCESO ADICIONAL DE MATERIA--NOMBRE DE PERSONA
Nombre de persona Pittier, Henri,
Fechas asociadas al nombre 1857-1950.
9 (RLIN) 6828
650 #0 - PUNTO DE ACCESO ADICIONAL DE MATERIA--TÉRMINO DE MATERIA
Término de materia o nombre geográfico como elemento de entrada Natural history
Subdivisión geográfica Latin America
Subdivisión de forma Bibliography.
9 (RLIN) 42515
910 ## - DATOS DE OPCIÓN DEL USUARIO (OCLC)
Datos de opción del usuario Catalogación derivada / LC
Holdings
Estado de retiro Estado de pérdida Restricciones de uso No para préstamo Código de colección Localización permanente Ubicación/localización actual Ubicación en estantería Fecha de adquisición Número de inventario Total de préstamos Signatura topográfica completa Código de barras Fecha visto por última vez Precio válido a partir de Tipo de ítem Koha
      Excluido de préstamo Monografías: Libros y Folletos General General En catalogación 09.07.2010 LF1   19936-10 25.06.2020 25.06.2020 No se presta

Powered by Koha